| 000 | 01104nam a22002417a 4500 | ||
|---|---|---|---|
| 005 | 20210325204305.0 | ||
| 008 | s2552 th tha d | ||
| 020 | _a9786119029309 | ||
| 041 | _atha | ||
| 050 |
_aDS578.32 ท338ร _b 2552 |
||
| 100 | 0 | _aเจิมศักดิ์ ปิ่นทอง | |
| 245 | 1 | 0 | _aรู้ทันทักษิณ 5 |
| 260 | 3 |
_aกรุงเทพฯ : _bฃอคิดด้วยฅน, _c2552 |
|
| 300 |
_a271 หน้า : _b ภาพประกอบ ; _c 24 ซม |
||
| 650 | 0 | 4 | _aรัฐบาล (พ.ต.ท.ทักษิณ ชินวัตร) -- วิสัยทัศน์ |
| 650 | 0 | 4 | _aรัฐบาล (พ.ต.ท.ทักษิณ ชินวัตร) -- วิเคราะห์ |
| 650 | 0 | 4 | _aไทย -- การเมืองและการปกครอง |
| 850 | _aNALT | ||
| 942 | _cGB | ||
| 997 | _a36686 ฉ.1 36687 ฉ.2 | ||
| 997 | _c000000000060440 | ||
| 998 | _aนางสาวสุพันดา สุภาพ | ||
| 999 |
_c60440 _d60440 |
||